000 00682nam a22002177a 4500
010 _a654799
020 _c40.00
035 _a654799
037 _bCen Lib / Ret
040 _aDPL
_bEN
082 _a329.954
_bADH
245 _aDocuments of the history of the communist party of India /
_cedited by G. Adhikari
260 _aNew Dlehi
_bPeople's Publishing House
_c1971
270 _aPeople's Publishing House
_bNew Dlehi
300 _a(v 1. xix, 640 ; v 3-B. 320)
_b24cm(Hb)
505 _av 1 1917-1922 ;v 3-B. 1927
650 _aCommunist Party of India.
650 _aComunismo -- India.
700 _aAdhikari, G.
942 _2ddc
_cEN
_h329.954
_mADH
999 _c136753
_d136753